[Event "RUS Central Region-chT club"]
[Site "Tula"]
[Date "2005.11.27"]
[Round "3"]
[White "Popov, Yuri"]
[Black "Kosov, Ivan"]
[Result "0-1"]
[WhiteElo "2193"]
[BlackElo "2292"]
[PlyCount "64"]
[EventDate "2005.11.25"]
[EventType "team"]
[EventRounds "5"]
[EventCountry "RUS"]
[SourceTitle "CBM 109 Extra"]
[Source "ChessBase"]
[SourceDate "2006.01.03"]
[SourceVersion "2"]
[SourceVersionDate "2006.01.03"]
[SourceQuality "1"]

1. d4 d5 2. c4 c6 3. Nf3 e6 4. e3 Nf6 5. Nc3 Nbd7 6. Qc2 Bd6 7. g4 dxc4 8. Bxc4 b5 9. Bb3 Bb7 10. g5 Nd5 11. Ne4 Be7 12. Bd2 Nb4 13. Qb1 Rc8 14. a4 a5 15. 0-0 c5 16. axb5 c4 17. Bd1 f5 18. gxf6 gxf6 19. Bxb4 axb4 20. Ng3 f5 21. Qc2 h5 22. e4 b3 23. Qb1 fxe4 24. Nxe4 Nf6 25. Ng3 Rg8 26. Ne5 Qxd4 27. Re1 Bc5 28. Re3 h4 29. Bh5+ Kd8 30. Qe1 Qf4 31. Qa5+ Ke7 32. Rae1 hxg3 0-1

[Event "RUS Central Region-chT club"]
[Site "Tula"]
[Date "2005.11.25"]
[Round "1"]
[White "Popov, Yuri"]
[Black "Ivanov, Alexander Al"]
[Result "0-1"]
[WhiteElo "2193"]
[BlackElo "2414"]
[PlyCount "88"]
[EventDate "2005.11.25"]
[EventType "team"]
[EventRounds "5"]
[EventCountry "RUS"]
[SourceTitle "CBM 109 Extra"]
[Source "ChessBase"]
[SourceDate "2006.01.03"]
[SourceVersion "2"]
[SourceVersionDate "2006.01.03"]
[SourceQuality "1"]

1. d4 d6 2. c4 f5 3. Nf3 Nf6 4. Nc3 c6 5. b4 a5 6. b5 Ne4 7. Qc2 Nxc3 8. Qxc3 cxb5 9. cxb5 Nd7 10. a4 Nb6 11. e3 g6 12. d5 Rg8 13. Qb3 Bg7 14. Ra2 e5 15. dxe6 Qe7 16. Rc2 Bxe6 17. Qa3 Kf7 18. Bd3 Rac8 19. 0-0 Rxc2 20. Bxc2 Rc8 21. Qd3 Bc4 22. Bb3 d5 23. Bxc4 dxc4 24. Qc2 Bf6 25. Rd1 Qb4 26. e4 Qb3 27. Qe2 fxe4 28. Rd6 Qb1 29. Qe1 Bd8 30. Ne5+ Kg8 31. Ng4 Bg5 32. Rxb6 Qxc1 33. Qxc1 Bxc1 34. Rxb7 Bg5 35. h4 Bxh4 36. Nh6+ Kf8 37. Rxh7 Bd8 38. b6 c3 39. b7 Rb8 40. Rf7+ Ke8 41. Rf4 Rxb7 42. Rxe4+ Re7 43. Rc4 Rc7 44. Re4+ Kf8 0-1